00707nac a22001811u 4500090000800000008004100008010001600049020001500065082001900080100003400099245008200133260007500215300005000290650003200340942002600372999001300398952011400411 c167081214t1995 xxu||||| |||| 00| 0 eng d a 94016158 a020162769800a004.019bP9236 aPreece, Jenny, 10aHuman-computer interaction /cJenny Preece [with] Yvonne Rogers ... [et al.]. aWokingham, England ;aReading, Mass. :bAddison-Wesley Pub. Co.c1995. axxxviii, 775 p. :bill. (some col.) ;c25 cm. 0aHuman-computer interaction. cBBk004.019P92362ddc c167d167 00104070aMAINbMAINcLOWd2006-02-06ePurchasel1o004.019 PREp000004568r2025-07-15 00:00:00v340.00yBB